Water resources policy in Wisconsin : a summary assessment /

Bibliographic Details
Main Author: Fox, Irving K.
Corporate Authors: United States. National Water Commission, University of Wisconsin--Madison. Hydraulic & Sanitary Laboratory, United States. Office of Water Resources Research
Format: Government Document Book
Language:English
Published: Madison, Wis. : University of Wisconsin, Water Resources Center, 1971-
Subjects:

MARC

Tag First Indicator Second Indicator Subfields
LEADER 00000cam a2200000La 4500
001 in00001697521
005 20151024164520.0
008 851108m19719999wiua rbt f000 0 eng d
035 |a (OCoLC)ocm14140672 
040 |a COF  |c COF  |d OCL  |d TXA  |d UtOrBLW 
043 |a n-us-wi 
049 |a TXAM 
086 0 |a Y 3.N 21/24:7/72-061/x- 
088 |a OWRR B-038-WIS 
090 |a TC409  |b .F69 1971a 
100 1 |a Fox, Irving K. 
245 1 0 |a Water resources policy in Wisconsin :  |b a summary assessment /  |c by Irving K. Fox. 
264 1 |a Madison, Wis. :  |b University of Wisconsin, Water Resources Center,  |c 1971- 
300 |a volumes :  |b illustrations ;  |c 29 cm. 
336 |a text  |b txt  |2 rdacontent 
337 |a unmediated  |b n  |2 rdamedia 
338 |a volume  |b nc  |2 rdacarrier 
500 |a "Technical report OWRR B-038-WIS." 
500 |a "Supported in part by funds provided by the United States Department of the Interior, Office of Water Resources Research, and the National Water Commission." 
500 |a NTIS: PB204928. 
533 |a Photocopy. Springfield, Va., National Technical Information Service [1972- ] 
650 0 |a Water resources development  |z Wisconsin. 
650 0 |a Water-supply  |z Wisconsin. 
710 1 |a United States.  |b National Water Commission. 
710 2 |a University of Wisconsin--Madison.  |b Hydraulic & Sanitary Laboratory. 
710 1 |a United States.  |b Office of Water Resources Research. 
948 |a cataloged  |b h  |c 2002/10/24  |d c  |e jgreene  |f 2:02:46 pm 
994 |a E0  |b TXA 
999 |a MARS 
999 f f |s f1986d77-c1f9-3115-832a-eb504e21741b  |i 1f002ab3-1581-3a44-89ef-1aefddecb52f  |t 0 
952 f f |p ric  |a Texas A&M University  |b Rellis Campus  |c Joint Library Facility  |d Remote Storage  |t 0  |e TC409 .F69 1971a  |h Library of Congress classification  |i unmediated -- volume  |k v.1  |m A14829401377 
998 f f |a TC409 .F69 1971a  |s v.1  |t 0  |l Remote Storage